Assessing vocabulary (Record no. 156150)

MARC details
000 -LEADER
fixed length control field 00485nam a2200193Ia 4500
003 - CONTROL NUMBER IDENTIFIER
control field OSt
005 - DATE AND TIME OF LATEST TRANSACTION
control field 20251209191120.0
008 - FIXED-LENGTH DATA ELEMENTS--GENERAL INFORMATION
fixed length control field 210423s2005 xx 000 0 und d
040 ## - CATALOGING SOURCE
Transcribing agency AL
041 ## - LANGUAGE CODE
Language code of text/sound track or separate title English
082 ## - DEWEY DECIMAL CLASSIFICATION NUMBER
Classification number 418
Item number REAA
100 ## - MAIN ENTRY--PERSONAL NAME
Personal name John Read
9 (RLIN) 78632
245 ## - TITLE STATEMENT
Title Assessing vocabulary
260 ## - PUBLICATION, DISTRIBUTION, ETC.
Place of publication, distribution, etc. New Delhi
Name of publisher, distributor, etc. Cambridge University Press
Date of publication, distribution, etc. 2005
300 ## - PHYSICAL DESCRIPTION
Extent xiv,279p.
Other physical details PB
Dimensions 23x15cm.
365 ## - TRADE PRICE
Price amount 1630
Currency code INR
906 ## - LOCAL DATA ELEMENT F, LDF (RLIN)
a Assessing ; vocabulary.
942 ## - ADDED ENTRY ELEMENTS (KOHA)
Source of classification or shelving scheme Dewey Decimal Classification
Koha item type Book
Holdings
Withdrawn status Lost status Source of classification or shelving scheme Damaged status Not for loan Collection code Home library Current library Date acquired Source of acquisition Cost, normal purchase price Total Checkouts Full call number Barcode Date last seen Price effective from Koha item type
    Dewey Decimal Classification     MA English St Aloysius PG Library St Aloysius PG Library 09/24/2008 Knowledge World 1630.00   418 REAA PG002623 08/24/2022 04/26/2021 Book